000 00719nam a22002172 4500
001 0000013118
005 20151217145900.0
008 090604s xx 000 0 eng d
020 _a9966410694 :
040 _aKABU
_cKABU
100 1 _aIllescas, Manuel.
_@0000170242
245 1 0 _aBiodiversity consrvation and intellectual property rights :
_bco-operation between developed and developing countries /
_cManuel Illescas.
250 _a1st ed.
260 _aNairobi :
_bACTS,
_c1993.
300 _av, 18 p.
650 0 _aBiodiversity conservation.
_@0000155142
650 0 _aIntellectual property.
_@0000155504
852 1 _9p100 KES
908 _a090604
950 _@1
999 _c3667
_d3667